000 00611nam a22001932 4500
001 0000001932
005 20151217151833.0
008 070329s xx 000 0 eng d
040 _aKABU
_cKABU
050 0 _aHD9940
_b.T872D87
100 1 _aDuruiz, Lale.
_@0000151043
245 1 0 _aTechnological and structural change in the Turkish clothing industry /
_cLale Duruiz & Nurhan Yenturk Coban.
260 _aIstanbul :
_bTSSA,
_c1988.
300 _aiv, 123 p.
650 0 _aClothing industry
_zTurkey.
_@0000151044
908 _a070329
950 _@1
999 _c5528
_d5528